| 000 | 00522 a2200205 4500 | ||
|---|---|---|---|
| 003 | 404102 | ||
| 005 | 20251125113204.0 | ||
| 022 | _a26725150 | ||
| 040 |
_c Nile UNIVERSITY OF NIGERIA, ABUJA. _erda |
||
| 050 | _a K 60 . U5 | ||
| 082 | _a K 60 .U5 | ||
| 245 | _a UNIPORT LAW REVIEW | ||
| 250 | _aVol..9{1} 2025 | ||
| 260 |
_a Port harcourt _b FLUP PRESS _c2025 |
||
| 264 |
_a Port harcourt _b FLUP PRESS _c2025 |
||
| 300 | _biv, 274. 35 cm. | ||
| 336 | _2rdacontent | ||
| 338 | _2rdacarrier | ||
| 942 |
_2lcc _cSERIAL |
||
| 999 |
_c44022 _d44022 |
||